غیر سو د ی بینک کا ر ی / (Record no. 147093)
[ view plain ]
| 000 -LEADER | |
|---|---|
| fixed length control field | 00863nam a22001937a 4500 |
| 005 - DATE AND TIME OF LATEST TRANSACTION | |
| control field | 20230607165737.0 |
| 010 ## - LCCN (DPL NO) | |
| LC control number | UR-9875 |
| 020 6# - INTERNATIONAL STANDARD BOOK NUMBER | |
| International Standard Book Number | 8180882780 |
| Terms of availability | 120.00 |
| 035 ## - SYSTEM CONTROL NUMBER | |
| System control number | U-8430 |
| 037 ## - SOURCE OF ACQUISITION | |
| Source of stock number/acquisition | DBAD/PUB |
| 082 ## - DEWEY DECIMAL CLASSIFICATION NUMBER | |
| Classification number | 330 |
| 100 ## - MAIN ENTRY--PERSONAL NAME | |
| Personal name | صد یقی محمد نجا ت اللہ |
| 245 ## - TITLE STATEMENT | |
| Title | غیر سو د ی بینک کا ر ی / |
| Statement of responsibility, etc | صد یقی محمد نجا ت اللہ |
| 246 ## - VARYING FORM OF TITLE | |
| Remainder of title | Ghair Soodi Bank Kari / |
| Title proper/short title | by Mohd. Nijatullah Siddiqui |
| 260 ## - PUBLICATION, DISTRIBUTION, ETC. (IMPRINT) | |
| Place of publication, distribution, etc | New Delhi |
| Name of publisher, distributor, etc | Merkazi Maktaba Islami Publishers |
| Date of publication, distribution, etc | 2011 |
| 270 ## - ADDRESS | |
| Address | D307,Dawat Nagar,Abul Fazal Enclave,Jamia Nagar , |
| City | New Delhi |
| Postal code | 110025 |
| Telephone number | 01126971652 |
| Fax number | - |
| 300 ## - PHYSICAL DESCRIPTION | |
| Extent | 250ص |
| Dimensions | 22cm(pbk) |
| 942 ## - ADDED ENTRY ELEMENTS (KOHA) | |
| Source of classification or shelving scheme | Dewey Decimal Classification |
| Item type | Urdu Bks |
| Classification part | 330 |
| Call number suffix | ص د ی |
| Edition | |
| Withdrawn status | Lost status | Not for loan | Collection code | Home library | Current library | Date acquired | Source of acquisition | Cost, normal purchase price | Full call number | Barcode | Copy number | Cost, replacement price | Koha item type |
|---|---|---|---|---|---|---|---|---|---|---|---|---|---|
| Non-fiction | Ashok Vihar | Ashok Vihar | 02/11/2017 | DBAD/PUB. | 120.00 | 330 ص د ی | U-8430 | 1 | 120.00 | Urdu Bks |
